00536nam a22001697a 450000500170000001000150001702000260003203500140005803700130007208200080008510000200009324500840011326000390019727000780023630000340031450000180034820170713143654.0 aENG-119212 c795.00a9789386062833 aEN-102744 bDBAD/PUB a079 aYadav, Shyamlal aJournalism through RTI ;cby Shyamlal Yadavbinformation investigation impact / aNew DelhibSage Publicationsc2017 aB1/I-1 Mohan Cooperative Industrial Area, Mathura RoadbNew Delhie110044 axiii. 220p ;c23cm (Hb)bill. ainclude index